Central Library OPAC University of Rajshahi

বাংলা উচ্চারণ-কোষ : (Record no. 49199)

MARC details
000 -LEADER
fixed length control field 01029nam a22002297a 4500
001 - CONTROL NUMBER
control field 49199
003 - CONTROL NUMBER IDENTIFIER
rucl marc code BD-RjUL
005 - DATE AND TIME OF LATEST TRANSACTION
control field 20211209054641.0
008 - FIXED-LENGTH DATA ELEMENTS--GENERAL INFORMATION
fixed length control field 160818s1954 ii ||||| |||| 00| 0 ben d
020 ## - INTERNATIONAL STANDARD BOOK NUMBER
Terms of availability : IRs. 3.00
035 ## - SYSTEM CONTROL NUMBER
System control number (BD-RjUL)49318
040 ## - CATALOGING SOURCE
Original cataloging agency BD-RjUL
Language of cataloging ben
Transcribing agency BD-RjUL
041 ## - LANGUAGE CODE
Language code of text/sound track or separate title ben
082 ## - DEWEY DECIMAL CLASSIFICATION NUMBER
Edition number 23
Classification number 891.4431
Author mark and year BAN 1954
245 00 - TITLE STATEMENT
Title বাংলা উচ্চারণ-কোষ :
Remainder of title (ডকটর শ্রীসুকুমার সেন লিখিত 'পরিচায়িকা' সংবলিত) /
Statement of responsibility, etc. ধীরানন্দ ঠাকুর সংকলিত
260 ## - PUBLICATION, DISTRIBUTION, ETC. (IMPRINT)
Place of publication, distribution, etc. কলিকাতা :
Name of publisher, distributor, etc. বুকল্যাণ্ড লিমিটেড,
Date of publication, distribution, etc. ১৯৫৪ [১৩৬১ বাং]
300 ## - PHYSICAL DESCRIPTION
Pagination [২৮], ১৬০ পৃ. ;
Size ১৯ সেমি.
650 ## - SUBJECT ADDED ENTRY--TOPICAL TERM
Topical term or geographic name as entry element বাংলা ভাষা
9 (RLIN) 147884
Form subdivision অভিধান
Topical term or geographic name as entry element Bengali Language
Form subdivision Dictionaries
9 (RLIN) 218519
700 ## - ADDED ENTRY--PERSONAL NAME
Personal name ঠাকুর, ধীরানন্দ, সংকলক
942 ## - ADDED ENTRY ELEMENTS (KOHA)
Source of classification or shelving scheme Dewey Decimal Classification
Koha item type Reference
Holdings
Lost status Source of classification or shelving scheme Damaged status Not for loan Collection code Permanent Location Current Location Shelving location Date acquired Cost, normal purchase price Total Checkouts Full call number Date last seen Copy number Koha item type Source of acquisition
  Dewey Decimal Classification   Not For Loan Reference Central Library, University of Rajshahi Central Library, University of Rajshahi   08/02/1965 3.37   BR 891.4431 BAN 1954 18/08/2016 C-2 Reference  
  Dewey Decimal Classification     Non-fiction Central Library, University of Rajshahi Central Library, University of Rajshahi   08/02/1965 3.37   B 891.4431 BAN 1954 19/09/2016 C-3 Books N/A
  Dewey Decimal Classification   Not For Loan Reference Central Library, University of Rajshahi Central Library, University of Rajshahi   08/02/1965 3.00   BR 891.4431 BAN 1954 29/11/2016 C-4 Reference Ideal
  Dewey Decimal Classification   Not For Loan Reference Central Library, University of Rajshahi Central Library, University of Rajshahi   08/02/1965 3.37   BR 891.4431 BAN 1954 12/06/2017 C-1 Reference